000 nam a22 a 4500
999 _c152354
_d152354
003 BLK
005 20220520081102.0
008 180410b bul|||||r ||||||| ||bul||
010 _aKNG00158826000
040 _aBLK
041 _aBUL
_cBUL
080 _aНаказуеми действия (общо върху наказуемите действия)
_b343.23
_z343.23
100 1 _aБузов, Венеци Ангелов
_eпърви автор
_9331758
139 _aБузов, Венеци Ангелов
_bБ 84
245 1 0 _aВменяемост и невменяемост според социалистическото наказателно право
_cВенеци Ангелов Бузов.
257 _aBGR
260 _bНаука и изкуство
_c1965
_aСофия
300 _a98 с.
_c21 см
380 _a3
500 _a1 380 тир. - Библиогр. с. 94-97.
852 _aЦб 33465
_bЦб
856 4 _qpdf
856 4 _qpdf
942 _cKNG
_n0
_s1
944 _aCR
_c28.03.2014
_l28.03.2014 - от С1,Р / 28.03.2014
_kПравда_Бадева
944 _aED
_c28.03.2014
_l28.03.2014 - от С1,Р / 28.03.2014
999 _d152354